Statistics for NCAA D-1 Basketball Bird Mascots

Click here to take the quiz!

General Stats

  • This quiz has been taken 106 times
  • The average score is 15 of 55

Answer Stats

Answer% Correct
Boston College Eagles
71%
Louisville Cardinals
67%
Temple Owls
63%
Air Force Falcons
51%
Iowa Hawkeyes
51%
Kansas Jayhawks
51%
Miami (OH) RedHawks
43%
Creighton Blue Jays
41%
Oregon Ducks
41%
Southern Miss Golden Eagles
41%
Illinois State Redbirds
39%
Rice Owls
39%
South Carolina Gamecocks
39%
Ball State Cardinals
37%
Marquette Golden Eagles
37%
Saint Joseph's Hawks
35%
Bowling Green Falcons
33%
Eastern Michigan Eagles
33%
Eastern Washington Eagles
33%
Florida Atlantic Owls
33%
North Florida Ospreys
33%
Delaware Blue Hens
31%
Georgia Southern Eagles
29%
Texas San Antonio Roadrunners
29%
Louisiana Monroe Warhawks
27%
Virginia Tech Hokies
27%
Youngstown State Penguins
24%
FGCU Eagles
22%
Niagara Purple Eagles
22%
Southeast Missouri State Redhawks
22%
Lamar Cardinals
20%
Lehigh Mountain Hawks
20%
Saint Peter's Peacocks
20%
Seattle Redhawks
20%
Southern Utah Thunderbirds
20%
American Eagles
18%
Elon Phoenix
18%
Hartford Hawks
18%
Kennesaw State Owls
18%
Oral Roberts Golden Eagles
18%
Coastal Carolina Chanticleers
16%
Tennessee Tech Golden Eagles
16%
UNCW Seahawks
16%
Winthrop Eagles
16%
Coppin State Eagles
14%
Green Bay Phoenix
14%
Jacksonville State Gamecocks
14%
LIU - Brooklyn Blackbirds
14%
Monmouth Hawks
12%
UT Martin Skyhawks
12%
Wagner Seahawks
10%
CSU Bakersfield Roadrunners
8%
Morehead State Eagles
8%
North Carolina Central Eagles
8%
Maryland Eastern Shore Hawks
4%

Score Distribution

Percentile by Number Answered

Percent of People with Each Score

Your Score History

You have not taken this quiz